Statistics for Guess That Emoji

Click here to take the quiz!

General Stats

  • This quiz has been taken 339 times
    (333 since last reset)
  • The average score is 5 of 15

Answer Stats

Answer% Correct
Sick emoji
93%
Panda emoji
73%
Devil emoji
70%
Angry emoji
67%
Cool emoji
62%
Crying emoji
48%
Sleeping emoji
41%
Tongue emoji
39%
Crying cat emoji
19%
Embarrassed emoji
11%
Disappointed emoji
10%
Peek a boo monkey emoji
7%
Smiley emoji
3%
Cat with heart eyes emoji
1%
Tongue out and winking emoji
1%

Score Distribution

Percentile by Number Answered

Percent of People with Each Score

Your Score History

You have not taken this quiz since the last reset